[Event "Velika Gorica op 7th"]
[Site "Velika Gorica"]
[Date "2007.08.20"]
[Round "4"]
[White "Belani, Marijan"]
[Black "Cesmadziski, Tin"]
[Result "1-0"]
[WhiteElo "2216"]
[BlackElo "1979"]
[PlyCount "33"]
[EventDate "2007.08.18"]
[EventType "swiss"]
[EventRounds "9"]
[EventCountry "CRO"]
[SourceTitle "CBM 120 Extra"]
[Source "ChessBase"]
[SourceDate "2007.11.01"]
[SourceVersion "1"]
[SourceVersionDate "2007.11.01"]
[SourceQuality "1"]

1. e4 e5 2. Nc3 Nc6 3. f4 exf4 4. Nf3 g5 5. h4 g4 6. Ng5 h6 7. Nxf7 Kxf7 8. Bc4+ Ke8 9. Qxg4 Nf6 10. Qg6+ Ke7 11. Qf7+ Kd6 12. d4 Nxd4 13. Bxf4+ Kc6 14. 0-0-0 Rh7 15. Bb5+ Kb6 16. Qc4 c5 17. Na4+ 1-0

[Event "Velika Gorica op 7th"]
[Site "Velika Gorica"]
[Date "2007.08.18"]
[Round "1"]
[White "Cesmadziski, Tin"]
[Black "Biti, Ozren"]
[Result "1/2-1/2"]
[WhiteElo "1979"]
[BlackElo "2378"]
[PlyCount "112"]
[EventDate "2007.08.18"]
[EventType "swiss"]
[EventRounds "9"]
[EventCountry "CRO"]
[SourceTitle "CBM 120 Extra"]
[Source "ChessBase"]
[SourceDate "2007.11.01"]
[SourceVersion "1"]
[SourceVersionDate "2007.11.01"]
[SourceQuality "1"]

1. e4 d6 2. d4 Nf6 3. Nc3 g6 4. Be3 Bg7 5. f3 c6 6. Qd2 b5 7. g4 h5 8. g5 Nfd7 9. h4 Nb6 10. b3 N8d7 11. f4 d5 12. e5 e6 13. Nd1 a5 14. a3 Bf8 15. Nb2 a4 16. b4 Nc4 17. Bxc4 dxc4 18. c3 Nb6 19. Nd1 Bb7 20. Rh2 Qd5 21. Qg2 Qxg2 22. Rxg2 c5 23. Rd2 cxb4 24. axb4 Be4 25. Nh3 Nd5 26. Nhf2 Bf5 27. Rb2 Bg4 28. Kf1 Bf3 29. Kg1 Kd7 30. Ra3 Be7 31. Kh2 Rhc8 32. Bd2 Be2 33. Kg3 Rc6 34. Rb1 Rac8 35. Rc1 Bd3 36. Kf3 Bf5 37. Kg3 Bxb4 38. cxb4 c3 39. Nxc3 Nxb4 40. Nxb5 Rxc1 41. Bxc1 Rxc1 42. Rxa4 Nd5 43. Ra3 Rg1+ 44. Kh2 Rf1 45. Kg2 Rb1 46. Nc3 Nxf4+ 47. Kg3 Rf1 48. Ra7+ Ke8 49. Nb5 Ne2+ 50. Kg2 Rb1 51. Nd6+ Kf8 52. Rxf7+ Kg8 53. Rd7 Nxd4 54. Rd8+ Kh7 55. Rd7+ Kg8 56. Rd8+ Kh7 1/2-1/2